000 01372cam a2200433Ia 4500
001 8585974
003 OSt
005 20180116192433.0
008 110207s2011 ja a 000 0 eng d
020 _a9784871404280 (pbk.)
020 _a4871404285 (pbk.)
035 _a(OCoLC)ocn705930158
035 _a(OCoLC)ocn700920448
035 _a(OCoLC)700920448
035 _a(OCoLC)705930158
035 _a(NNC)8585974
040 _aILU
_cILU
_dILU
041 0 _aengjpn
043 _aa-ja---
050 4 _aNA1559.S38
_bA4 2011
082 _a720.92
100 1 _aSejima, Kazuyo,
_d1956-
_98551
245 1 0 _aKazuyo Sejima, Ryue Nishizawa, 2006-2011 /
_cedited by Yukio Futagawa ; essay by Ryue Nishizawa.
246 1 8 _aKazuyo Sejima + Ryue Nishizawa 2006-2011
260 _aTokyo :
_bA.D.A. Edita,
_cc2011.
300 _a239 p. :
_bill. (some col.) ;
_c30 x 31 cm.
490 1 _aGA architect ;
_v20
546 _aText in English and Japanese.
600 1 0 _aSejima, Kazuyo,
_d1956-
_98552
600 1 0 _aNishizawa, Ryūe,
_d1966-
_98553
650 0 _aArchitecture
_zJapan
_xHistory
_y21st century.
_98554
650 0 _aArchitects
_zJapan.
_98555
700 1 _aFutagawa, Yukio,
_d1932-2013.
_98556
700 1 _aNishizawa, Ryūe,
_d1966-
_98557
830 0 _aGA architect ;
_v20.
_98558
942 _2ddc
_cREF
948 0 _a20110324
_bx
_cjeb52
_dMPS
999 _c354174
_d354174